Top 30 : Soprano - Statistiques

Statistiques générales
  • Ce quiz a été pris 105 fois
  • Le résultat moyen est 10 sur 30
Statistiques - réponses
Top Titres Featuring % Correct
2 Le coach Vincenzo
83%
3 Cosmo
77%
4 Roule
71%
1 En feu
68%
10 Mon Everest Marina Kaye
65%
11 Hiro Indila
61%
14 Clown
55%
5 No me mirès màs Kendji Girac
54%
20 Millionnaire
39%
23 Barman
36%
18 Fresh Prince Uncle Phil
36%
6 Musica Ninho
36%
15 Zoum Niska
35%
13 Marseille c'est... Jul
33%
17 Mon précieux
32%
7 À nos héros du quotidien
26%
12 Dingue
26%
21 Chérie Coco Magic System
23%
16 À la vie à l'amour
22%
27 Coeurdonnier
22%
19 Le Diable ne s'habille plus en Prada
22%
24 Ferme les yeux et imagine toi Blacko
20%
29 Fragile
20%
22 Je suis fou Vianney, Kendji Girac
16%
9 Ninja
16%
30 La Vida L'Algérino
12%
28 Près des étoiles
12%
25 Fais le Moonwalk DJ Abdel, Jul
7%
8 La vie du binks DA Uzi, Ninho, SCH, Hornet La Frappe, Leto, Sadek
6%
26 Marche Sneazzy, Lino, disiz, Nessbeal, Kool Shen, Nekfeu, Taïro, Still Fresh, S.Pri Noir, Sadek
1%
Aucun quiz correspondant
Distribution des résultats
% des personnes avec chaque résultat
Percentile par nombre de réponses
Votre historique - résultats
Vous n’avez pas pris ce quiz